000 00271nam a2200097Ia 4500
008 170620s9999 xx 000 0 und d
100 _aMathur- S. S. (Hindi)
245 0 _aShiksha ke Darshnik Tatha Samajshastriya Adhar (Hindi)
260 _bAgra- Vinod Pustak Mandir
260 _c2000
300 _a555
999 _c23552
_d23552